Biblioteca

Métodos de investigación / Juan Castañeda Jiménez (Registro nro. 31987)

Detalles MARC
000 -LÍDER
Campo fijo de descripción fija 005190000a22001810004500
020 ## - NÚMERO INTERNACIONAL NORMALIZADO PARA LIBROS
Número Internacional Normalizado del libro 970-10-0725-5
041 0# - CÓDIGO DE IDIOMA
Código de idioma para texto/pista de sonido o título separado
082 04 - NÚMERO DE CLASIFICACIÓN DECIMAL DEWEY
Número de clasificación G 001.42 C3461m
001 - NÚMERO DE CONTROL
Campo de control 462
245 10 - TÍTULO
Título del Material Métodos de investigación / Juan Castañeda Jiménez
260 ## - PUBLICACIÓN, DISTRIBUCIÓN, ETC. (PIE DE IMPRENTA)
Lugar de publicación, distribución, etc. Naucalpan de Juárez, México : McGraw-Hill
336 ## - CONTENT TYPE
Content type term texto
Content type code txt
Source rdacontent
337 ## - MEDIA TYPE
Source rdamedia
Media type term sin mediación
Media type code n
338 ## - CARRIER TYPE
Source rdacarrier
Carrier type term volumen
Carrier type code nc
505 00 - NOTA DE CONTENIDO
Nota de contenido con formato preestablecido Tomo I : 144 Pag. Tomo II : 169 Pag.
650 14 - ASIENTO SECUNDARIO DE MATERIA - TERMINO TEMÁTICO
Término temático o nombre geográfico como elemento de entrada METODOS DE INVESTIGACION
942 ## - TIPO DE MATERIAL (KOHA)
Tipo de Item KOHA Libros General
Existencias
Estado de Material Estado de Perdido Estado de Dañado No para Préstamo Colección Tomo Biblioteca de Origen Biblioteca Permanente Fecha de Adquisición Total de Préstamos Signatura Topográfica Código de Barras Última vez visto Ejemplar/Existencia Fecha de Remplazo Tipo de Material
        Colección General 1 Biblioteca FUSBC Biblioteca FUSBC 15/09/2004   G 001.42 C3461m 28776 06/06/2023 1 26/01/2016 Libros General
        Colección General 2 Biblioteca FUSBC Biblioteca FUSBC 15/09/2004   G 001.42 C3461m 28777 06/06/2023 1 26/01/2016 Libros General

Biblioteca FUSBC | Teléfono: (57+4) 349 88 10 Ext. 141| WhatsApp (+57) 3005338115 
E-mail: biblioteca@unisbc.edu.co | Calle 76 87-14 Robledo Palenque, Medellín, Colombia

Con tecnología Koha